Tra presenza e assenza-Due modelli culturali in conflitto (Record n. 68774)

Dettagli MARC
000 -LEADER
fixed length control field 01314nam a2200301Ia 4500
001 - CONTROL NUMBER
control field 16582
003 - CONTROL NUMBER IDENTIFIER
control field IT-RoPAU
008 - FIXED-LENGTH DATA ELEMENTS--GENERAL INFORMATION
fixed length control field 130308s9999 xx 000 0 und d
040 ## - CATALOGING SOURCE
Original cataloging agency IT-RoPAU
040 ## - CATALOGING SOURCE
Transcribing agency IT-RoPAU
041 ## - LANGUAGE CODE
Language code of text/sound track or separate title ITALIANO
999 ## - SYSTEM CONTROL NUMBERS (KOHA)
Koha Dewey Subclass [OBSOLETE] SI
100 ## - MAIN ENTRY--PERSONAL NAME
Personal name Barilli Renato
100 ## - MAIN ENTRY--PERSONAL NAME
Miscellaneous information Codice Aut. SPICS: 9544
245 ## - TITLE STATEMENT
Title Tra presenza e assenza-Due modelli culturali in conflitto
245 ## - TITLE STATEMENT
Remainder of title Tra presenza e Assenza-Due modelli culturali in Conflitto
250 ## - EDITION STATEMENT
Edition statement 1a ed.
260 ## - PUBLICATION, DISTRIBUTION, ETC. (IMPRINT)
Place of publication, distribution, etc. MILANO
260 ## - PUBLICATION, DISTRIBUTION, ETC. (IMPRINT)
Name of publisher, distributor, etc. Bompiani
260 ## - PUBLICATION, DISTRIBUTION, ETC. (IMPRINT)
Date of publication, distribution, etc. 1974 [1° Ed.:1974 - Ed.Ling.Originale:1974]
300 ## - PHYSICAL DESCRIPTION
Extent "310 p. (prefazione: no ; testo: 310)"
500 ## - GENERAL NOTE
General note Modello della presenza Discendenza Kantiana Estetica tecnologica di Marshall McLuhan Estetica Libidica di Marcuse Modello dell'Assenza concezioni Neo Moderne di Charles Morris e di Hjelmslev Derrida e Il pensiero della Differenza Ripetizione Differente di Foucault e di Deleuze Applicazioni del Modello della presenza ricerche di Comportamento Due Anime del concettuale Applicazioni del Modello dell'Assenza Narrativa Alla seconda Calvino Arbasino e la Poetica della riscrittura De Chirico e Il Recupero del Museo
650 ## - SUBJECT ADDED ENTRY--TOPICAL TERM
Topical term or geographic name as entry element SAGGI DI ESTETOLOGIA
650 ## - SUBJECT ADDED ENTRY--TOPICAL TERM
Relator term Codice materia Spics: 5111
942 ## - ADDED ENTRY ELEMENTS (KOHA)
Koha item type LIBRO
957 ## -
-- 1
999 ## - SYSTEM CONTROL NUMBERS (KOHA)
-- 1
Dati di copia
Withdrawn status Lost status Damaged status Not for loan Home library Current library Date acquired Total Checkouts Full call number Date last seen Price effective from Koha item type Public note
    Buone Condizioni Not For Loan SPICS-MEDIATECA SPICS-MEDIATECA 08/03/2013   16582 08/03/2013 08/03/2013 LIBRO Progressivo inserimento: 23181 / N. Volumi: 1 Copie: 1 Copia Rara: SI / data import: 1 marzo 2013 - By Epidotti, Trombetti, Vaglietti.
CREDITS: SOCIETA' SAN PAOLO Via A.Severo, 58 - ROMA (RM) & PERIODICI SAN PAOLO SRL Via Giotto, 36 MILANO & CISF Via Giotto, 36 MILANO & EDIZIONI SAN PAOLO SRL,  Piazza Soncino, 5 CINISELLO BALSAMO (MI) -- ITALY